00550nam a2200145Ia 450000500170000000800410001710000170005824501400007526000190021530000110023465000230024594200070026899900170027595201120029220260328104327.0260328s9999||||xx |||||||||||||| ||und|| aGreever, Tom 0aArticulating Design decisions :b Communicate with Stakeholders, keep Your Sanity, and deliver the Best User Experience. /cTom Greever bO'Reilly Media a217 p. aDISEÑO GRÁFICO cBK c11560d11560 001040708GENaGPCbGPCcGENd2026-03-28i5808l0o760 G 86p5808r2026-03-28 15:43:27t1w2026-03-28yBK